L'altro Michelangelo /

Պահպանված է:
Մատենագիտական մանրամասներ
Հիմնական հեղինակ: Lise, Giorgio (Հեղինակ)
Ձևաչափ: Գիրք
Լեզու:իտալերեն
Հրապարակվել է: Milano : Cordani, 1981
Խորագրեր:
Ցուցիչներ: Ավելացրեք ցուցիչ
Չկան պիտակներ, Եղեք առաջինը, ով նշում է այս գրառումը!

MARC

LEADER 00000nam a22000007i 4500
001 IT\ICCU\LIA\0022582
003 ItRI
005 20250714174103.0
008 920124s1981 it |||||| ||||| |||||c
040 |b ita  |c ARCIGAY RIMINI 
041 7 |a ita  |2 ISO-639-2 
100 1 |a Lise, Giorgio  |0 IT\ICCU\CFIV\007104  |4 aut 
240 1 2 |a L'altro Michelangelo  |9 Lise, Giorgio 
245 1 2 |a L'altro Michelangelo /  |c Giorgio Lise. 
260 |a Milano :  |b Cordani,  |c 1981 
300 |a 144 p. :  |b ill ;  |c 24 cm. 
650 7 |a Buonarroti, Michelangelo <1475-1564> 
650 7 |a Buonarroti, Michelangelo  |x Amori  |2 scbi 
650 7 |a Buonarroti, Michelangelo  |x Opere  |x Motivi autobiografici  |2 scbi 
942 |2 ddc  |c BK 
952 |0 0  |1 0  |2 ddc  |4 0  |6 709_100000000000000_LIS_MIC  |7 1  |9 2603  |a RN  |b RN  |d 2024-12-31  |l 0  |o 709.1 LIS MIC  |p 10042  |r 2024-12-31 14:47:58  |w 2024-12-31  |y BK 
952 |0 0  |1 0  |2 ddc  |4 0  |6 B_SCR03LISGIALT11  |7 0  |9 4642  |a MI  |b MI  |d 1987-06-29  |i 253  |l 0  |o B-SCR03-LISGI-ALT11  |p CDOM253  |r 2025-07-04 21:34:32  |w 2025-07-04  |x ACQUISTO  |y BK 
981 1 |6 z01  |a i   |b xxxe  
982 1 |6 z01  |a n 
999 |c 2260  |d 2260